Proyectos de transportes (Registro nro. 36451)
[ vista simple ]
| 000 -LEADER | |
|---|---|
| fixed length control field | 01580 a2200217 4500 |
| 001 - CONTROL NUMBER | |
| control field | 63973 |
| 005 - DATE AND TIME OF LATEST TRANSACTION | |
| control field | 20260521160827.0 |
| 008 - FIXED-LENGTH DATA ELEMENTS--GENERAL INFORMATION | |
| fixed length control field | 260521a1979 arg spa d |
| 003 - CONTROL NUMBER IDENTIFIER | |
| control field | AR-UNSa-BCEJYS |
| 040 ## - CATALOGING SOURCE | |
| Original cataloging agency | AR-UNSa-BCEJYS |
| Language of cataloging | spa |
| Transcribing agency | AR-UNSa-BCEJYS |
| 080 ## - UNIVERSAL DECIMAL CLASSIFICATION NUMBER | |
| Universal Decimal Classification number | 656 |
| Common auxiliary subdivision | Transportes. Correos. Organización y control del tráfico |
| 020 ## - INTERNATIONAL STANDARD BOOK NUMBER | |
| International Standard Book Number | 978-968-18-1002-3 |
| 041 ## - LANGUAGE CODE | |
| Language code of text/sound track or separate title | spa |
| 100 1# - MAIN ENTRY--PERSONAL NAME | |
| Personal name | Banco Interamericano de Desarrollo (BID) |
| 245 10 - TITLE STATEMENT | |
| Title | Proyectos de transportes |
| Name of part/section of a work | Planificación e implementación |
| 264 #1 - PRODUCTION, PUBLICATION, DISTRIBUTION, MANUFACTURE, AND COPYRIGHT NOTICE | |
| Place of production, publication, distribution, manufacture | México : |
| Name of producer, publisher, distributor, manufacturer | Limusa |
| Date of production, publication, distribution, manufacture, or copyright notice | 1979 |
| 300 ## - PHYSICAL DESCRIPTION | |
| Extent | 164 p. |
| Dimensions | 23 cm. |
| 505 ## - FORMATTED CONTENTS NOTE | |
| Formatted contents note | 1. Análisis de los conceptos – 2. Análisis de la estructura – 3. Análisis económico – 4. Tipología de los proyectos de transporte – 5. Sistema global de administración de proyectos de transporte – 6. Condiciones de institucionalización – 7. Planeamiento: el anillo ferroviario de Belo Horizonte por Antonio Manoel de Sequeira Cavalcanti – 8. Gerencia por Diego Barañano – 9. Planificación, programación y control – 10. Recursos humanos por Diego Barañano – 11. Recursos materiales, por Carlos Alberto Milone e Sinval de Olivera Filho – 12. Recursos financieros, por Claudio Salgado – 13. Información y control por Colbert Demaria Boiteux – 14. Planificación, programación y control – 15. Recursos materiales, por Carlos Alberto Milone e Sinval de Olivera Filho – 16. Recursos financieros por Teodosio Ibarrola Coronel – 17. Información y control por Colbert Demaria Boiteux – |
| 590 ## - LOCAL NOTE (RLIN) | |
| Local note | niveau_biblio:m niveau_hierar:0 |
| 942 ## - ADDED ENTRY ELEMENTS (KOHA) | |
| Koha item type | |
| Withdrawn status | Lost status | Damaged status | Not for loan | Home library | Current library | Shelving location | Date acquired | Total checkouts | Full call number | Barcode | Date last seen | Price effective from | Koha item type |
|---|---|---|---|---|---|---|---|---|---|---|---|---|---|
| Biblioteca Prof. Eusebio Cleto del Rey | Biblioteca Prof. Eusebio Cleto del Rey | 21/05/2026 | 656 B213 v.4 | L33842 | 21/05/2026 | 21/05/2026 | Libro | ||||||
| Biblioteca Prof. Eusebio Cleto del Rey | Biblioteca Prof. Eusebio Cleto del Rey | 21/05/2026 | 656 B213 v.4 | L39073 | 21/05/2026 | 21/05/2026 | Libro |